| 000 | 00688nam a2200217Ia 4500 | ||
|---|---|---|---|
| 003 | IN-BaIIA | ||
| 008 | 211028s9999 xx 000 0 eng d | ||
| 020 | _a471-79203-9 | ||
| 040 | _cIIA Library | ||
| 080 |
_a533 _bADV-3 |
||
| 245 | 0 |
_aAdvances in plasma physics _bvol. 3 _cedited by Albert Simon and William B. Thompson |
|
| 260 |
_aNew York _bWiley _c1969 |
||
| 300 | _avii, 248p. | ||
| 490 | _aInterscience series | ||
| 650 | _aAstronomy and astrophysics thesaurus | ||
| 650 |
_aPlasma physics _93732 |
||
| 650 |
_aPlasmas _91898 |
||
| 700 |
_aThompson, William B., ed. _96305 |
||
| 700 |
_aThompson, William B., ed. _96305 |
||
| 942 | _cBK | ||
| 999 |
_c3563 _d3563 |
||